[Event "Hampshire Open"]
[Site "Eastleigh"]
[Date "2009.11.07"]
[Round "3"]
[White "Kawuma, Steven Male"]
[Black "Tunks, Dominic R"]
[Result "0-1"]
[WhiteElo "2192"]
[BlackElo "2136"]
[PlyCount "100"]
[EventDate "2009.11.06"]
[EventType "swiss"]
[EventRounds "6"]
[EventCountry "ENG"]
[SourceTitle "BritBase"]
[Source "John Saunders"]
[SourceDate "2025.01.31"]
[SourceVersion "1"]
[SourceVersionDate "2025.01.31"]
[SourceQuality "1"]

1. e4 c5 2. Nf3 d6 3. d4 cxd4 4. Nxd4 Nf6 5. Nc3 Nc6 6. Be2 g6 7. Be3 Bg7 8. f3 O-O 9. Qd2 Nxd4 10. Bxd4 Be6 11. O-O Qa5 12. a4 Rfc8 13. Rfd1 Bc4 14. f4 Nxe4 15. Nxe4 Qxd2 16. Rxd2 Bxd4+ 17. Rxd4 Bxe2 18. Nc3 Ba6 19. Re1 Kf8 20. Kf2 Rc6 21. Ke3 Rac8 22. Kd2 Bc4 23. Re3 Be6 24. g3 Bf5 25. Kd1 Rc4 26. Rxc4 Rxc4 27. b3 Rc6 28. Kd2 d5 29. Re1 d4 30. Ne4 f6 31. Kd3 e5 32. Kd2 Ke7 33. c4 Bxe4 34. Rxe4 Ke6 35. fxe5 fxe5 36. Re1 Rc7 37. Re4 Rf7 38. Ke2 a5 39. Rh4 h5 40. Re4 g5 41. h3 Kd6 42. g4 h4 43. Kd2 Rf2+ 44. Kc1 Rf4 45. Re2 e4 46. Kd2 Kc5 47. Rh2 Rf3 48. Re2 Rd3+ 49. Kc2 Rc3+ 50. Kb2 e3 0-1

[Event "Hampshire Open"]
[Site "Eastleigh"]
[Date "2009.11.07"]
[Round "3"]
[White "McMaster, Richard G"]
[Black "Davies, Edward G"]
[Result "1/2-1/2"]
[WhiteElo "1928"]
[BlackElo "1784"]
[PlyCount "35"]
[EventDate "2009.11.06"]
[EventType "swiss"]
[EventRounds "6"]
[EventCountry "ENG"]
[SourceTitle "BritBase"]
[Source "John Saunders"]
[SourceDate "2025.01.31"]
[SourceVersion "1"]
[SourceVersionDate "2025.01.31"]
[SourceQuality "1"]

1. f4 d5 2. d3 Nf6 3. Nf3 e6 4. g3 b6 5. Bg2 Bb7 6. c3 Be7 7. O-O Nbd7 8. h3 c6 9. Qe1 Qc7 10. e4 h6 11. e5 Nh7 12. g4 Nc5 13. Qe2 Ba6 14. Rd1 Ne4 15. Qe3 Nc5 16. b3 O-O-O 17. Ba3 g5 18. f5 1/2-1/2

[Event "Hampshire Open"]
[Site "Eastleigh"]
[Date "2009.11.07"]
[Round "3"]
[White "Abbott, Mark V"]
[Black "Dallas, Peter L"]
[Result "0-1"]
[WhiteElo "1992"]
[BlackElo "1824"]
[PlyCount "90"]
[EventDate "2009.11.06"]
[EventType "swiss"]
[EventRounds "6"]
[EventCountry "ENG"]
[SourceTitle "BritBase"]
[Source "John Saunders"]
[SourceDate "2025.01.31"]
[SourceVersion "1"]
[SourceVersionDate "2025.01.31"]
[SourceQuality "1"]

1. d4 Nf6 2. c4 d6 3. Nc3 g6 4. e4 Bg7 5. Nf3 O-O 6. Be2 Nbd7 7. O-O c6 8. h3 Ne8 9. Be3 h6 10. Qd2 Kh7 11. Rad1 Qc7 12. Nh2 e5 13. d5 f5 14. f4 a6 15. fxe5 dxe5 16. dxc6 bxc6 17. exf5 gxf5 18. Nf3 Rb8 19. b3 e4 20. Nd4 Ne5 21. Rf2 Qf7 22. Rdf1 Qg6 23. Bf4 Rb7 24. Qd1 Qd6 25. Be3 Rbf7 26. Bh5 Nd3 27. Nxe4 Nxf2 28. Rxf2 Qe5 29. Qc2 Re7 30. Nxc6 Qxe4 31. Nxe7 Qxe7 32. Re2 Qd8 33. Rd2 Qh4 34. Qd1 Nf6 35. Bf3 Ne4 36. Bxe4 Qxe4 37. Bc5 Re8 38. Rd6 Bb7 39. Qd2 Qb1+ 40. Kf2 Qh1 41. Rxh6+ Bxh6 42. Qd7+ Bg7 43. Qxe8 Qxg2+ 44. Ke3 Bh6+ 45. Kd4 Qd2+ 0-1

[Event "Hampshire Open"]
[Site "Eastleigh"]
[Date "2009.11.07"]
[Round "3"]
[White "Butcher, Doug"]
[Black "Anderson, Thomas R"]
[Result "1-0"]
[WhiteElo "1896"]
[BlackElo "1880"]
[PlyCount "55"]
[EventDate "2009.11.06"]
[EventType "swiss"]
[EventRounds "6"]
[EventCountry "ENG"]
[SourceTitle "BritBase"]
[Source "John Saunders"]
[SourceDate "2025.01.31"]
[SourceVersion "1"]
[SourceVersionDate "2025.01.31"]
[SourceQuality "1"]

1. Nf3 e6 2. b3 f5 3. Bb2 Nf6 4. e3 b6 5. Be2 Bb7 6. O-O Be7 7. c4 O-O 8. d3 c5 9. Nc3 Nc6 10. Re1 a6 11. a3 Qc7 12. h3 Rad8 13. Qc2 Kh8 14. Rad1 d5 15. cxd5 Nxd5 16. Nxd5 exd5 17. d4 f4 18. exf4 Qxf4 19. dxc5 bxc5 20. Bc1 Qc7 21. Ng5 Bxg5 22. Bxg5 Ne5 23. Bxd8 Rxd8 24. Qf5 Ng6 25. Bh5 Bc8 26. Qxd5 Rf8 27. Bxg6 hxg6 28. Re4 1-0

[Event "Hampshire Open"]
[Site "Eastleigh"]
[Date "2009.11.07"]
[Round "3"]
[White "Edney, Richard H"]
[Black "Hurn, Paul AT"]
[Result "1/2-1/2"]
[WhiteElo "1864"]
[BlackElo "1816"]
[PlyCount "75"]
[EventDate "2009.11.06"]
[EventType "swiss"]
[EventRounds "6"]
[EventCountry "ENG"]
[SourceTitle "BritBase"]
[Source "John Saunders"]
[SourceDate "2025.01.31"]
[SourceVersion "1"]
[SourceVersionDate "2025.01.31"]
[SourceQuality "1"]

1. d4 e6 2. e4 c5 3. d5 exd5 4. exd5 d6 5. g3 g6 6. Bg2 Bg7 7. Ne2 Nh6 8. O-O O-O 9. Nbc3 Nd7 10. Rb1 Re8 11. Bf4 Ne5 12. Qc1 Nf5 13. Ne4 b6 14. Bg5 f6 15. Bf4 Ba6 16. Re1 Bb7 17. Rd1 Qc7 18. h3 Re7 19. Bd2 Rae8 20. Nf4 Bc8 21. c3 Nc4 22. Qc2 Nh6 23. Ne6 Bxe6 24. dxe6 Rxe6 25. Bxh6 Bxh6 26. Nxf6+ Rxf6 27. Bd5+ Kh8 28. Bxc4 Ref8 29. Rf1 Qd7 30. Rbe1 Qxh3 31. Re4 Qd7 32. Qe2 d5 33. Re7 Qf5 34. Re5 Qf3 35. Bxd5 Qxe2 36. Rxe2 Rd6 37. c4 Bg7 38. b3 1/2-1/2

[Event "Hampshire Open"]
[Site "Eastleigh"]
[Date "2009.11.07"]
[Round "3"]
[White "Kawuma, Moses"]
[Black "Williams, Peter Arthur"]
[Result "1/2-1/2"]
[WhiteElo "2152"]
[BlackElo "2072"]
[PlyCount "62"]
[EventDate "2009.11.06"]
[EventType "swiss"]
[EventRounds "6"]
[EventCountry "ENG"]
[SourceTitle "BritBase"]
[Source "John Saunders"]
[SourceDate "2025.01.31"]
[SourceVersion "1"]
[SourceVersionDate "2025.01.31"]
[SourceQuality "1"]

1. d4 d5 2. c4 c6 3. Nf3 Nf6 4. e3 Bg4 5. Qb3 Qb6 6. Nbd2 e6 7. Bd3 Nbd7 8. O-O Bd6 9. Qc2 Qc7 10. b3 e5 11. c5 Be7 12. dxe5 Nxe5 13. Nxe5 Qxe5 14. Bb2 Qc7 15. b4 Bh5 16. Rfe1 Bg6 17. Nf3 Bxd3 18. Qxd3 h6 19. Be5 Qd7 20. h3 O-O-O 21. Nd4 Ne4 22. f3 Bf6 23. Bxf6 Nxf6 24. Qf5 Qxf5 25. Nxf5 Rhe8 26. Rab1 a6 27. Kf2 Re6 28. Nd4 Re7 29. Nf5 Re6 30. Nd4 Re7 31. Nf5 Re6 1/2-1/2

[Event "Hampshire Open"]
[Site "Eastleigh"]
[Date "2009.11.07"]
[Round "3"]
[White "Lawson, Maurice E"]
[Black "Pleasants, Allan J"]
[Result "1/2-1/2"]
[WhiteElo "2016"]
[BlackElo "2040"]
[PlyCount "82"]
[EventDate "2009.11.06"]
[EventType "swiss"]
[EventRounds "6"]
[EventCountry "ENG"]
[SourceTitle "BritBase"]
[Source "John Saunders"]
[SourceDate "2025.01.31"]
[SourceVersion "1"]
[SourceVersionDate "2025.01.31"]
[SourceQuality "1"]

1. e4 c5 2. Nf3 Nc6 3. d4 cxd4 4. Nxd4 Qc7 5. Be3 e6 6. Be2 a6 7. O-O Nf6 8. Nc3 b5 9. Nxc6 dxc6 10. Bf3 Bb7 11. Qe2 Bd6 12. g3 h5 13. Rad1 O-O-O 14. Bg2 Ng4 15. f4 e5 16. Bh3 Kb8 17. Bxg4 hxg4 18. f5 Bc8 19. Nb1 Qe7 20. a3 g6 21. c4 gxf5 22. exf5 Bc5 23. f6 Qa7 24. Bf2 Bd4 25. Bxd4 exd4 26. Qe5+ Qc7 27. Qxc7+ Kxc7 28. c5 Rh5 29. b4 Re5 30. Rde1 Rde8 31. Rxe5 Rxe5 32. Nd2 Be6 33. Rf4 d3 34. Kf1 Re2 35. Re4 Rxh2 36. Re3 Bc4 37. Re7+ Kd8 38. Ke1 Rh1+ 39. Kf2 Rh2+ 40. Ke1 Rh6 41. Ne4 Rh2 1/2-1/2

[Event "Hampshire Open"]
[Site "Eastleigh"]
[Date "2009.11.07"]
[Round "3"]
[White "Moore, Gillian A"]
[Black "Fowler, David W"]
[Result "0-1"]
[WhiteElo "1752"]
[BlackElo "1912"]
[PlyCount "144"]
[EventDate "2009.11.06"]
[EventType "swiss"]
[EventRounds "6"]
[EventCountry "ENG"]
[SourceTitle "BritBase"]
[Source "John Saunders"]
[SourceDate "2025.01.31"]
[SourceVersion "1"]
[SourceVersionDate "2025.01.31"]
[SourceQuality "1"]

1. d4 Nf6 2. c4 e6 3. Nf3 d5 4. g3 Bb4+ 5. Bd2 Be7 6. cxd5 exd5 7. Bg2 O-O 8. O-O c6 9. h4 Bf5 10. Qb3 Qb6 11. Qxb6 axb6 12. Nc3 Nbd7 13. a3 Rfe8 14. e3 Bd6 15. Rac1 b5 16. Na2 Nb6 17. Bc3 Ne4 18. Nd2 Nxd2 19. Bxd2 Nc4 20. Bc3 Re6 21. Rfe1 Rae8 22. Bf1 g5 23. h5 Bg4 24. Be2 Bxe2 25. Rxe2 Rh6 26. Kg2 Rxh5 27. Rh1 Rxh1 28. Kxh1 f5 29. Nc1 Kf7 30. Rc2 Kg6 31. Nd3 h5 32. Rc1 h4 33. gxh4 Rh8 34. Ne5+ Bxe5 35. dxe5 Rxh4+ 36. Kg2 Re4 37. Rh1 Nxe5 38. Rh8 Rg4+ 39. Kf1 Nf3 40. Rg8+ Kf7 41. Rg7+ Ke6 42. Rxb7 d4 43. exd4 Nxd4 44. Rg7 Kd5 45. Rd7+ Kc4 46. Rf7 Rf4 47. Rf6 c5 48. Rg6 g4 49. Kg2 {(=)} Rf3 50. Rd6 Ne2 51. Be5 Nf4+ 52. Bxf4 Rxf4 53. Rd2 Kb3 54. Re2 c4 55. Rd2 Rf3 56. Re2 c3 57. bxc3 Kxc3 58. Re5 Kc4 59. Kf1 g3 60. Ke2 gxf2 61. Kf1 f4 62. Rg5 Rxa3 63. Kxf2 Rd3 64. Rg4 Rd4 65. Kf3 b4 66. Rg1 b3 67. Rc1+ Kb4 68. Rb1 Kc3 69. Rc1+ Kb2 70. Re1 Ka2 71. Kf2 b2 72. Re2 Ka1 0-1

[Event "Hampshire Open"]
[Site "Eastleigh"]
[Date "2009.11.07"]
[Round "3"]
[White "Pye, David E"]
[Black "Lock, Gavin R"]
[Result "0-1"]
[WhiteElo "2040"]
[BlackElo "2160"]
[PlyCount "84"]
[EventDate "2009.11.06"]
[EventType "swiss"]
[EventRounds "6"]
[EventCountry "ENG"]
[SourceTitle "BritBase"]
[Source "John Saunders"]
[SourceDate "2025.01.31"]
[SourceVersion "1"]
[SourceVersionDate "2025.01.31"]
[SourceQuality "1"]

1. e4 e6 2. d4 d5 3. Nc3 Nc6 4. Nf3 Nf6 5. e5 Ne4 6. Bd3 Bb4 7. Bd2 Nxd2 8. Qxd2 f6 9. a3 Bxc3 10. Qxc3 fxe5 11. dxe5 O-O 12. O-O-O Bd7 13. h4 h6 14. Kb1 Qe7 15. h5 Rab8 16. Qe1 Rf4 17. Qe3 Rbf8 18. Rh3 b6 19. Rdh1 Be8 20. Rh4 Rxh4 21. Nxh4 Qg5 22. Qxg5 hxg5 23. Nf3 g4 24. Ng5 Rxf2 25. Nxe6 Nxe5 26. Nxc7 Nxd3 27. cxd3 Bf7 28. Re1 Rxg2 29. Re5 Rh2 30. Rg5 Rxh5 31. Rxg4 g5 32. Kc2 Kg7 33. Nb5 Be6 34. Rg2 g4 35. Nxa7 Bd7 36. Kc3 Kf6 37. Kd4 Kg5 38. Ke3 Rh8 39. a4 Bxa4 40. b3 Bd7 41. d4 Rh3+ 42. Kf2 Rxb3 0-1

[Event "Hampshire Open"]
[Site "Eastleigh"]
[Date "2009.11.07"]
[Round "3"]
[White "Yeo, Michael J"]
[Black "Fraser-Mitchell, Jeremy N"]
[Result "1-0"]
[WhiteElo "2136"]
[BlackElo "1992"]
[PlyCount "117"]
[EventDate "2009.11.06"]
[EventType "swiss"]
[EventRounds "6"]
[EventCountry "ENG"]
[SourceTitle "BritBase"]
[Source "John Saunders"]
[SourceDate "2025.01.31"]
[SourceVersion "1"]
[SourceVersionDate "2025.01.31"]
[SourceQuality "1"]

1. e4 e6 2. d4 d5 3. Nc3 Bb4 4. Nge2 dxe4 5. a3 Ba5 6. b4 Bb6 7. Nxe4 e5 8. dxe5 Qxd1+ 9. Kxd1 Nc6 10. Bb2 Nge7 11. Ke1 Ng6 12. e6 O-O 13. c4 a6 14. c5 Ba7 15. exf7+ Rxf7 16. N2g3 Re7 17. Bc4+ Kf8 18. f3 b6 19. Bd5 Bd7 20. cxb6 cxb6 21. b5 axb5 22. Bc3 Nf4 23. Bxc6 Bxc6 24. Rd1 Rd7 25. Rxd7 Bxd7 26. Kf2 Bb8 27. Rd1 Ra7 28. Bb4+ Ke8 29. Nd6+ Bxd6 30. Rxd6 Rc7 {(=)} 31. Ne4 Rc2+ 32. Nd2 Rc6 33. g4 Rxd6 34. Bxd6 Ne6 35. Ke3 Bc6 36. f4 Kd7 37. Bb4 Nc7 38. Kd4 Ke6 39. Ne4 h6 40. f5+ Kf7 41. Ke5 Ne8 42. h4 Ba8 43. g5 hxg5 44. hxg5 Bc6 45. Nc3 Bd7 46. g6+ Kg8 47. Nd5 Kh8 48. Ne7 Nf6 49. Kd6 Be8 50. Kc7 Ng8 51. Nd5 Nh6 52. Ne3 Nxf5 53. Nxf5 Bxg6 54. Nd4 Bd3 55. Kxb6 Kg8 56. Nxb5 Kf7 57. a4 Ke6 58. Bd2 Kd7 59. Bg5 1-0

[Event "Hampshire Open"]
[Site "Eastleigh"]
[Date "2009.11.07"]
[Round "4"]
[White "Dallas, Peter L"]
[Black "McMaster, Richard G"]
[Result "0-1"]
[WhiteElo "1824"]
[BlackElo "1928"]
[PlyCount "96"]
[EventDate "2009.11.06"]
[EventType "swiss"]
[EventRounds "6"]
[EventCountry "ENG"]
[SourceTitle "BritBase"]
[Source "John Saunders"]
[SourceDate "2025.01.31"]
[SourceVersion "1"]
[SourceVersionDate "2025.01.31"]
[SourceQuality "1"]

1. Nf3 f5 2. g3 Nf6 3. d3 d6 4. Bg2 Nc6 5. O-O g6 6. c4 Bg7 7. Nc3 O-O 8. Be3 e5 9. Qc1 Be6 10. Ng5 Bd7 11. Nd5 h6 12. Nxf6+ Qxf6 13. Bd5+ Kh8 14. Nf3 g5 15. b4 e4 16. dxe4 Qxa1 17. Qxa1 Bxa1 18. Rxa1 Rae8 19. b5 Nd8 20. Bc1 Kh7 21. exf5 c6 22. bxc6 bxc6 23. Be6 Nxe6 24. fxe6 Bxe6 25. Rb1 Bxc4 26. Nd4 Bxa2 27. Rb2 Bd5 28. f3 c5 29. Nb5 Rb8 30. Rd2 Rxb5 31. Rxd5 Rb6 32. Kf2 Kg6 33. e4 Kf7 34. h4 gxh4 35. gxh4 Ke6 36. Rh5 Rb3 37. Rxh6+ Ke7 38. Bd2 Rbxf3+ 39. Ke2 Rf2+ 40. Kd1 R8f7 41. e5 dxe5 42. Be3 Ra2 43. Bxc5+ Kd7 44. Ke1 a5 45. Ra6 Rf4 46. Rd6+ Kc7 47. Rh6 Rc4 48. Bd6+ Kd7 0-1

[Event "Hampshire Open"]
[Site "Eastleigh"]
[Date "2009.11.07"]
[Round "4"]
[White "Davies, Edward G"]
[Black "Kawuma, Moses"]
[Result "0-1"]
[WhiteElo "1784"]
[BlackElo "2152"]
[PlyCount "62"]
[EventDate "2009.11.06"]
[EventType "swiss"]
[EventRounds "6"]
[EventCountry "ENG"]
[SourceTitle "BritBase"]
[Source "John Saunders"]
[SourceDate "2025.01.31"]
[SourceVersion "1"]
[SourceVersionDate "2025.01.31"]
[SourceQuality "1"]

1. e4 c5 2. Nc3 Nc6 3. g3 g6 4. Bg2 Bg7 5. d3 d6 6. Be3 Nd4 7. h3 e6 8. Nge2 Ne7 9. O-O O-O 10. Qc1 Rb8 11. Nf4 b5 12. Nce2 e5 13. Bxd4 cxd4 14. Nd5 Nxd5 15. exd5 Bb7 16. c3 Rc8 17. Qd1 dxc3 18. bxc3 Rc5 19. Qb3 Qa8 20. a4 Rxd5 21. axb5 Rxb5 22. Bxb7 Qxb7 23. Qa3 Qf3 24. Nc1 h5 25. Qxa7 Rc5 26. d4 Rxc3 27. dxe5 Bxe5 28. Ra2 h4 29. Ne2 hxg3 30. fxg3 Qd3 31. Nxc3 Bd4+ 0-1

[Event "Hampshire Open"]
[Site "Eastleigh"]
[Date "2009.11.07"]
[Round "4"]
[White "Lock, Gavin R"]
[Black "Kawuma, Steven Male"]
[Result "0-1"]
[WhiteElo "2160"]
[BlackElo "2192"]
[PlyCount "124"]
[EventDate "2009.11.06"]
[EventType "swiss"]
[EventRounds "6"]
[EventCountry "ENG"]
[SourceTitle "BritBase"]
[Source "John Saunders"]
[SourceDate "2025.01.31"]
[SourceVersion "1"]
[SourceVersionDate "2025.01.31"]
[SourceQuality "1"]

1. d4 Nf6 2. Nf3 g6 3. c4 Bg7 4. Nc3 d6 5. e4 O-O 6. Be2 Na6 7. O-O e5 8. Be3 Ng4 9. Bg5 Qe8 10. h3 h6 11. Bc1 Nf6 12. dxe5 dxe5 13. Be3 Qe7 14. a3 c6 15. b4 Rd8 16. Qc1 Kh7 17. Re1 Nh5 18. c5 Nc7 19. Nd2 Nf4 20. Bf1 Nce6 21. Nc4 Nd4 22. Bxf4 exf4 23. Qxf4 Nc2 24. e5 Nxa1 25. Rxa1 b5 26. cxb6 axb6 27. Nxb6 Ra7 28. Nc4 Be6 29. Na5 Qc7 30. Re1 Raa8 31. h4 Rxa5 32. bxa5 Qxa5 33. Re3 Qxa3 34. h5 Qa1 35. hxg6+ fxg6 36. Qb4 Re8 37. Qb6 Bc4 38. Ne2 Rxe5 39. Rxe5 Qxe5 40. Ng3 Bxf1 41. Nxf1 c5 42. Ne3 h5 43. Qc6 Qe7 44. g3 Bd4 45. Nf1 Qf7 46. Ne3 Qe7 47. Nf1 Kh6 48. Qf3 Qg5 49. Kg2 c4 50. Ne3 c3 51. Nc2 Bg7 52. Qe4 Qe5 53. Qd3 Bf8 54. Qf3 Bg7 55. Qd3 Bf8 56. Qf3 Bc5 57. Qd3 Qf5 58. Qe2 Qd5+ 59. f3 Qd2 60. Kf1 Qc1+ 61. Ne1 Bd4 62. Qe4 Qe3 0-1

[Event "Hampshire Open"]
[Site "Eastleigh"]
[Date "2009.11.07"]
[Round "4"]
[White "McDougall, William M"]
[Black "Abbott, Mark V"]
[Result "1-0"]
[WhiteElo "2040"]
[BlackElo "1992"]
[PlyCount "79"]
[EventDate "2009.11.06"]
[EventType "swiss"]
[EventRounds "6"]
[EventCountry "ENG"]
[SourceTitle "BritBase"]
[Source "John Saunders"]
[SourceDate "2025.01.31"]
[SourceVersion "1"]
[SourceVersionDate "2025.01.31"]
[SourceQuality "1"]

1. d4 Nf6 2. c4 c5 3. d5 b5 4. cxb5 a6 5. b6 g6 6. Nc3 Bg7 7. Nf3 d6 8. Nd2 Nbd7 9. e4 O-O 10. Be2 Nxb6 11. O-O e6 12. dxe6 Bxe6 13. f4 d5 14. f5 gxf5 15. exf5 Bc8 16. g4 d4 17. Nce4 Nbd5 18. Nxf6+ Qxf6 19. Nc4 Qh4 20. Bf3 Bb7 21. g5 Ne3 22. Nxe3 Bxf3 23. Qxf3 dxe3 24. f6 Qxg5+ 25. Kh1 Qxf6 26. Qxf6 Bxf6 27. Rxf6 e2 28. Bd2 Rfd8 29. Rg1+ Kf8 30. Bh6+ Ke8 31. Rf2 Rd6 32. Rxe2+ Kd7 33. Bf4 Rg6 34. Rd1+ Kc6 35. Rc2 Kb5 36. Rd7 Re8 37. Bg3 f5 38. Rb7+ Kc6 39. Rc7+ Kb6 40. R7xc5 1-0

[Event "Hampshire Open"]
[Site "Eastleigh"]
[Date "2009.11.07"]
[Round "4"]
[White "Pleasants, Allan J"]
[Black "Williams, Peter Arthur"]
[Result "1/2-1/2"]
[WhiteElo "2040"]
[BlackElo "2072"]
[PlyCount "37"]
[EventDate "2009.11.06"]
[EventType "swiss"]
[EventRounds "6"]
[EventCountry "ENG"]
[SourceTitle "BritBase"]
[Source "John Saunders"]
[SourceDate "2025.01.31"]
[SourceVersion "1"]
[SourceVersionDate "2025.01.31"]
[SourceQuality "1"]

1. Nf3 d5 2. c4 c6 3. b3 Nf6 4. Bb2 e6 5. e3 Bd6 6. Nc3 Nbd7 7. d4 O-O 8. Bd3 e5 9. cxd5 cxd5 10. dxe5 Nxe5 11. Be2 Nxf3+ 12. Bxf3 Be5 13. Rc1 Bf5 14. O-O Ne4 15. Qe2 Qd6 16. g3 Nxc3 17. Bxc3 Bxc3 18. Rxc3 d4 19. exd4 1/2-1/2

[Event "Hampshire Open"]
[Site "Eastleigh"]
[Date "2009.11.07"]
[Round "4"]
[White "Tunks, Dominic R"]
[Black "Yeo, Michael J"]
[Result "0-1"]
[WhiteElo "2136"]
[BlackElo "2136"]
[PlyCount "104"]
[EventDate "2009.11.06"]
[EventType "swiss"]
[EventRounds "6"]
[EventCountry "ENG"]
[SourceTitle "BritBase"]
[Source "John Saunders"]
[SourceDate "2025.01.31"]
[SourceVersion "1"]
[SourceVersionDate "2025.01.31"]
[SourceQuality "1"]

1. c4 e5 2. Nc3 Nc6 3. g3 g6 4. Bg2 Bg7 5. d3 d6 6. Rb1 f5 7. b4 Nf6 8. b5 Ne7 9. e3 O-O 10. Nge2 g5 11. f4 gxf4 12. exf4 Ng6 13. fxe5 dxe5 14. Nd5 Kh8 15. O-O Bd7 16. Ne3 Qc8 17. d4 e4 18. Qc2 Nh5 19. Nd5 c6 20. bxc6 Bxc6 21. Ndc3 b6 22. Be3 Nf6 23. h3 Bd7 24. Nb5 Ne8 25. Qb3 a6 26. Nbc3 Nd6 27. Nd5 Qxc4 28. Nxb6 Qxb3 29. Rxb3 Bb5 30. Nxa8 Bxe2 31. Re1 Bc4 32. Rb6 Nb5 33. Rxa6 Nxd4 34. Ra4 Nc2 35. Nb6 Bb5 36. Ra5 Bd3 37. Nd7 Re8 38. Bd2 Bd4+ 39. Kh2 Nxe1 40. Bxe1 Rd8 41. Nc5 Bc4 42. Ra4 Ne5 43. Nb3 Bb2 44. g4 e3 45. gxf5 Rd1 46. Bh4 e2 47. Na5 Ng4+ 48. hxg4 Be5+ 49. Kh3 Rd3+ 50. Bf3 Rxf3+ 51. Kg2 Bd5 52. Nc4 Rf1+ 0-1

[Event "Hampshire Open"]
[Site "Eastleigh"]
[Date "2009.11.08"]
[Round "5"]
[White "Anderson, Thomas R"]
[Black "McDougall, William M"]
[Result "0-1"]
[WhiteElo "1880"]
[BlackElo "2040"]
[PlyCount "86"]
[EventDate "2009.11.06"]
[EventType "swiss"]
[EventRounds "6"]
[EventCountry "ENG"]
[SourceTitle "BritBase"]
[Source "John Saunders"]
[SourceDate "2025.01.31"]
[SourceVersion "1"]
[SourceVersionDate "2025.01.31"]
[SourceQuality "1"]

1. d4 Nf6 2. c4 g6 3. Nc3 d5 4. cxd5 Nxd5 5. e4 Nxc3 6. bxc3 Bg7 7. Bc4 O-O 8. Ne2 c5 9. Be3 Nc6 10. Rc1 Na5 11. Bd3 b6 12. h4 e5 13. d5 c4 14. Bb1 f5 15. h5 f4 16. Bd2 gxh5 17. Ng1 Bg4 18. f3 Bd7 19. Rxh5 Bf6 20. Kf1 Kh8 21. Be1 Rg8 22. Bc2 Nb7 23. Rh2 Qe7 24. Bf2 Rg6 25. Qe2 Nd6 26. Rd1 Rc8 27. Qe1 Rcg8 28. Rd2 Nb5 29. Re2 Qa3 30. Bh4 Qxc3 31. Bxf6+ Rxf6 32. Ba4 Qa3 33. Bxb5 Bxb5 34. Qh4 Rf7 35. Qh5 Re7 36. Qh6 Rgg7 37. d6 Rd7 38. Qe6 Qxd6 39. Qxd6 Rxd6 40. Ke1 Rgd7 41. Nh3 Rd1+ 42. Kf2 c3 43. Rc2 Rf1# 0-1

[Event "Hampshire Open"]
[Site "Eastleigh"]
[Date "2009.11.08"]
[Round "5"]
[White "Dallas, Peter L"]
[Black "Pleasants, Allan J"]
[Result "0-1"]
[WhiteElo "1824"]
[BlackElo "2040"]
[PlyCount "58"]
[EventDate "2009.11.06"]
[EventType "swiss"]
[EventRounds "6"]
[EventCountry "ENG"]
[SourceTitle "BritBase"]
[Source "John Saunders"]
[SourceDate "2025.01.31"]
[SourceVersion "1"]
[SourceVersionDate "2025.01.31"]
[SourceQuality "1"]

1. Nf3 Nf6 2. g3 g6 3. Bg2 Bg7 4. d3 d5 5. O-O O-O 6. Nbd2 c5 7. c4 Nc6 8. cxd5 Qxd5 9. Nc4 Qh5 10. Nh4 Bg4 11. f3 Be6 12. Qd2 Rfd8 13. Qg5 Qxg5 14. Bxg5 Nd5 15. Bc1 Nd4 16. Kf2 Nc2 17. Rb1 b5 18. Na3 Bd4+ 19. e3 Ncxe3 20. Bxe3 Nxe3 21. Rfe1 Nc2+ 22. Ke2 Nxe1 23. Rxe1 c4 24. Nxb5 cxd3+ 25. Kd2 Rac8 26. Re4 Bxb2 27. Bf1 Bc1+ 28. Kd1 Bh6 29. Bxd3 Rxd3+ 0-1

[Event "Hampshire Open"]
[Site "Eastleigh"]
[Date "2009.11.08"]
[Round "5"]
[White "Hurn, Paul AT"]
[Black "Moore, Gillian A"]
[Result "0-1"]
[WhiteElo "1816"]
[BlackElo "1752"]
[PlyCount "80"]
[EventDate "2009.11.06"]
[EventType "swiss"]
[EventRounds "6"]
[EventCountry "ENG"]
[SourceTitle "BritBase"]
[Source "John Saunders"]
[SourceDate "2025.01.31"]
[SourceVersion "1"]
[SourceVersionDate "2025.01.31"]
[SourceQuality "1"]

1. e4 Nf6 2. e5 Nd5 3. d4 d6 4. f4 dxe5 5. fxe5 c6 6. Nf3 Bf5 7. c3 e6 8. Bd3 Bxd3 9. Qxd3 Nd7 10. O-O Be7 11. Be3 Qb6 12. b3 Nxe3 13. Qxe3 O-O 14. Nbd2 Rac8 15. Nc4 Qc7 16. Qf4 Nf6 17. Nfd2 Nd5 18. Qg3 b5 19. Nd6 Bxd6 20. exd6 Qd7 21. Ne4 Qd8 22. Rf3 f5 23. Nc5 f4 24. Qh3 Qxd6 25. Nxe6 Rfe8 26. Nc5 Rc7 27. Qh4 Nxc3 28. Rd3 Rce7 29. Kf1 Nd5 30. h3 Ne3+ 31. Kg1 Nf5 32. Qg4 Nxd4 33. b4 Qf6 34. Nd7 Ne2+ 35. Qxe2 Qxa1+ 36. Rd1 Rxe2 37. Rxa1 Rc2 38. Nc5 Ree2 39. Rd1 Rxg2+ 40. Kf1 Rgf2+ 0-1

[Event "Hampshire Open"]
[Site "Eastleigh"]
[Date "2009.11.08"]
[Round "5"]
[White "Abbott, Mark V"]
[Black "Edney, Richard H"]
[Result "1-0"]
[WhiteElo "1992"]
[BlackElo "1864"]
[PlyCount "101"]
[EventDate "2009.11.06"]
[EventType "swiss"]
[EventRounds "6"]
[EventCountry "ENG"]
[SourceTitle "BritBase"]
[Source "John Saunders"]
[SourceDate "2025.01.31"]
[SourceVersion "1"]
[SourceVersionDate "2025.01.31"]
[SourceQuality "1"]

1. d4 Nf6 2. c4 d6 3. Nc3 g6 4. e4 Bg7 5. Nf3 O-O 6. Be2 e5 7. O-O Nc6 8. d5 Ne7 9. b4 Nh5 10. Re1 f5 11. Ng5 Nf6 12. c5 h6 13. Ne6 Bxe6 14. dxe6 d5 15. exd5 Nfxd5 16. Nxd5 Qxd5 17. Qxd5 Nxd5 18. Bc4 c6 19. Bb2 e4 20. Bxg7 Kxg7 21. Bxd5 cxd5 22. Rad1 Rfd8 23. f3 Kf6 24. fxe4 dxe4 25. Rd7 Rxd7 26. exd7 Rd8 27. Rd1 Ke7 28. Rd6 Rxd7 29. Rxg6 Rd1+ 30. Kf2 Rd2+ 31. Ke3 Rxa2 32. g4 Ra3+ 33. Kf4 Rf3+ 34. Ke5 e3 35. gxf5 e2 36. Re6+ Kd7 37. Kf6 Rf2 38. h4 Rf4 39. b5 Rxh4 40. Re7+ Kd8 41. Rxe2 Rb4 42. Kg7 h5 43. f6 Rg4+ 44. Kf8 h4 45. Re8+ Kd7 46. Re7+ Kc8 47. f7 Kd8 48. c6 bxc6 49. bxc6 h3 50. c7+ Kc8 51. Ke8 1-0